| 000 | 01348nam a2200361 a 4500 | ||
|---|---|---|---|
| 001 | 24340 | ||
| 003 | CO-ViMGA | ||
| 008 | 141112s2004 ck r 000 u spa d | ||
| 020 | _a9789583004742 | ||
| 040 |
_aCO-ViMGA _bspa _cCO-ViMGA |
||
| 041 | _aSPA | ||
| 090 | _aP LIB1 | ||
| 245 | 1 | 0 |
_aEl libro de Antón Pirulero / _cselección y prólogo Sergio Andricaín y Antonio Orlando Rodríguez; ilustrado por Ivar Da Coll |
| 250 | _a1a ed., 9a reimpr. | ||
| 260 |
_aBogotá : _bPanAméricana, _c2008 |
||
| 300 | _a70 p. : il. col. : il. | ||
| 490 | _aQue pase el tren | ||
| 500 | _aSubtítulo en la carátula : Coplas, nanas, adivinanzas, retahílas | ||
| 650 | 1 | 4 |
_aADIVINANZAS _9960 |
| 650 | 1 | 4 |
_aCANCIONES DE CUNA _91027 |
| 650 | 1 | 4 |
_aCANCIONES INFANTILES _91028 |
| 650 | 1 | 4 |
_aDESDE LOS 6 AÑOS _92351 |
| 650 | 1 | 4 |
_aILUSTRADORES COLOMBIANOS _935628 |
| 650 | 1 | 4 |
_aJUEGOS INFANTILES _910241 |
| 650 | 1 | 4 |
_aLEER ES MI CUENTO - COLECCION 2011 _935629 |
| 650 | 1 | 4 |
_aPOESÍA INFANTIL _91029 |
| 700 | 1 |
_aAndricaín Hernández, Sergio _92048 |
|
| 700 | 1 |
_aAndricaín Hernández, Sergio Rodríguez, Antonio Orlando, 1956 - _935630 |
|
| 700 | 1 |
_aDa Coll, Ivar, 1962 - _92446 |
|
| 700 | 1 |
_aRodríguez, Antonio Orlando _913248 |
|
| 700 | 1 |
_aRodríguez, Antonio Orlando, 1956 - Andricaín Hernández, Sergio _935631 |
|
| 942 |
_2ddc _cBK |
||
| 999 |
_c32321 _d32321 |
||